Moisture content of Jarrah logging residues

Bibliographic Details
Main Author: BRENNAN 1958-
Corporate Author: Wood Utilisation Research Centre (W. A.)
Other Authors: Doust
Format: Book
Published: (Perth, W. A.) : Wood Utilisation Research Centre , 1988
Series:Report (Wood Utilisation Reseach Centre, W. A.); n. 3
Subjects:

MARC

LEADER 00000cam a2200000 7i4500
001 0000001483
005 20010704.0
090 0 0 |a 338.17498   |b BRE 1988 
100 1 0 |a BRENNAN   |h G. K.   |c 1958- 
245 1 0 |a Moisture content of Jarrah logging residues   |c G. K, Brennan and B. R. Doust 
260 0 0 |a (Perth, W. A.) :   |b Wood Utilisation Research Centre ,   |c 1988 
300 |a v, 11 p. ;   |c 30 cm. 
440 0 0 |a Report (Wood Utilisation Reseach Centre, W. A.); n. 3 
500 0 0 |a Bibliography : p. 9 
650 0 0 |a Jarrah   |z Western Australia   |x Moisture 
650 0 0 |a Wood   |z Western Australia   |x Moisture 
700 0 1 |a Doust   |h B. R. 
710 1 1 |a Wood Utilisation Research Centre (W. A.) 
998 |a JPSM 
999 |a 0000005714   |b Monograph   |c Open Shelf   |e Default branch